Let's know about Europe / (Record no. 9510)

MARC details
000 -LEADER
fixed length control field 00868nam a22002657a 4500
001 - CONTROL NUMBER
control field 9510
003 - CONTROL NUMBER IDENTIFIER
control field FISKH
005 - DATE AND TIME OF LATEST TRANSACTION
control field 20260116090851.0
008 - FIXED-LENGTH DATA ELEMENTS--GENERAL INFORMATION
fixed length control field 260116b cb ||||| |||| 00| 0 eng d
040 ## - CATALOGING SOURCE
Original cataloging agency FISKH
Language of cataloging eng
Transcribing agency FISKH
Modifying agency FISKH
050 ## - LIBRARY OF CONGRESS CALL NUMBER
Classification number PZ7
082 ## - DEWEY DECIMAL CLASSIFICATION NUMBER
Classification number 914
100 ## - MAIN ENTRY--PERSONAL NAME
Personal name Dutta, Shyama
Relator term Author
245 ## - TITLE STATEMENT
Title Let's know about Europe /
260 ## - PUBLICATION, DISTRIBUTION, ETC.
Place of publication, distribution, etc. Pune :
Name of publisher, distributor, etc. Unicate Publications ;
Date of publication, distribution, etc. 2003
300 ## - PHYSICAL DESCRIPTION
Extent 12 unnumbered pages :
Other physical details photographs ;
Dimensions 20 cm
505 ## - FORMATTED CONTENTS NOTE
Formatted contents note P<br/>
520 ## - SUMMARY, ETC.
Summary, etc. Let’s Know Europe by Shyama Dutta introduces young readers to the continent of Europe, explaining its countries, people, culture, landmarks, and geography in simple, easy-to-understand language.
521 8# - TARGET AUDIENCE NOTE
Target audience note 650<br/>
Source Lexile estimate<br/>
521 8# - TARGET AUDIENCE NOTE
Target audience note P<br/>
Source Raz-Plus<br/>
650 ## - SUBJECT ADDED ENTRY--TOPICAL TERM
Topical term or geographic name entry element Nature
Form subdivision Wildlife
650 ## - SUBJECT ADDED ENTRY--TOPICAL TERM
Topical term or geographic name entry element Continents
Form subdivision Countries
942 ## - ADDED ENTRY ELEMENTS (KOHA)
Source of classification or shelving scheme Dewey Decimal Classification
Koha item type Books
Suppress in OPAC No
Holdings
Withdrawn status Lost status Source of classification or shelving scheme Damaged status Not for loan Collection Home library Current library Shelving location Date acquired Total Checkouts Full call number Barcode Date last seen Copy number Price effective from Koha item type
    Dewey Decimal Classification     Non-Fiction Footprints International School Library Network Toul Tom Poung Campus Footprints International School Library Network Toul Tom Poung Campus TTP Primary Orange Bookshelves 01/16/2026   DUT 914 PZ7 FISBK05908 01/16/2026 1 01/16/2026 Books